000 01249cam a22002651 4500
001 e 37000196
003 DLC
005 20260227111226.0
008 860409s1937 dcu f000 0 eng c
010 _ae 37000196
035 _a(OCoLC)13409396
040 _aU.S. Off. of Educ. Library
_cNhD
_dDLC
042 _apremarc
050 0 0 _aL111
_b.A75 no. 74
051 _aLA210
_b.S75
082 _a370.1
100 1 _aStudebaker, J. W.
_q(John Ward),
_d1887-1989.
245 1 0 _aCrucial issues in education;
_can address delivered by J.W. Studebaker, Commissioner of Education, before the Department of Superintendence, Natioinal Education Association, in session at New Orleans, La., February 22, 1937 ...
260 _aWashington,
_bU.S. Govt. Print. Off.,
_c1937.
300 _a2 p. l., 19 p.
_c23 cm.
490 0 _aUnited States. Office of Education. Pamphlet
_vno. 74
500 _aUnited States Department of the Interior. Harold L. Ickes, Secretary. Office of Education. J.W. Studebaker, Commissioner.
501 _aL111.A75 with: Legislation concerning early childhood education / Ward W. Keesecker and Mary Dabney Davis. Washington : U.S. Govt. Print. Off., 1935. Bound together subsequent to publication.
_5DLC
650 0 _aEducation.
999 _c21538
_d21538